| 000 | 01057cam a2200265 4500 | ||
|---|---|---|---|
| 001 | ABS66825 | ||
| 008 | 030604n2002 000 0 eng u | ||
| 035 | _a(Sirsi) u122520 | ||
| 100 | _aKirby, A. | ||
| 245 | 2 | _aA taxing issue | |
| 260 | _c2002 | ||
| 490 |
_aEstates Gazette _v(0249) 7 December 2002, 118-120(3) |
||
| 520 | _aExamines the options in indirect property investment open to investors, as no single investment vehicle offers an ideal structure. It is up to the investor to decide which investment vehicle most suits their needs. Options are widening though as more hybrid vehicles come into existence which means that there should always be something that suits the investor's main criteria. | ||
| 650 | _aINDIRECT PROPERTY INVESTMENT | ||
| 650 | _aINVESTMENT VEHICLES | ||
| 650 | _aPROPERTY INVESTORS | ||
| 650 | _aINVESTMENT COMPANIES | ||
| 650 | _aINVESTMENT TRUSTS | ||
| 650 | _aOEIC | ||
| 650 | _aPROPERTY UNIT TRUSTS | ||
| 650 | _aPARTNERSHIPS | ||
| 650 | _aOFFSHORE INVESTMENTS | ||
| 690 | _aINVESTMENT | ||
| 942 | _n0 | ||
| 999 |
_c72822 _d72822 |
||